| 000 | 00375nam a22001217a 4500 | ||
|---|---|---|---|
| 999 |
_c1271 _d1271 |
||
| 005 | 20200828091000.0 | ||
| 008 | 200828b ||||| |||| 00| 0 eng d | ||
| 020 | _a0356040070 | ||
| 040 | _cCML | ||
| 245 |
_aStructures and Forces Stages 1 & 2. _cJames, A. |
||
| 260 |
_aLondon _bMacdonald & Co (Publishers) Ltd _c1972 |
||
| 942 |
_2ddc _cBK _e1st Edition _h507 _mJAM |
||